[Event "Kieler Open 2018-A"]
[Site "Kiel"]
[Date "2018.08.02"]
[Round "8.37"]
[White "Kunkel, Wolfgang"]
[Black "Schmidt, Peter"]
[Result "1/2-1/2"]
[WhiteElo "1681"]
[BlackElo "1932"]
[Annotator "PS"]
[PlyCount "44"]
[EventDate "2018.??.??"]
[WhiteTeam "SK 1858 Gießen"]
[BlackTeam "Kieler SG von 18"]

1. f4 e5 2. e4 Bc5 3. Nf3 d6 4. d4 exd4 5. Bd3 Nc6 6. a3 Bg4 7. O-O Nf6 8. Nbd2
O-O 9. b4 Bb6 10. Qe1 Re8 11. Nc4 Nxe4 12. Nxb6 axb6 13. Bxe4 Bxf3 14. Rxf3 d5
15. Bxh7+ Kxh7 16. Rh3+ Kg8 17. Qg3 Qe7 18. Bd2 Qe2 19. Qh4 f6 20. Re1 Qxd2 21.
Qh8+ Kf7 22. Qh5+ Kf8 1/2-1/2

[Event "Kieler Open 2018-A"]
[Site "Kiel"]
[Date "2018.08.02"]
[Round "8.38"]
[White "Werner, René"]
[Black "Bungarten, Jona"]
[Result "1/2-1/2"]
[WhiteElo "1856"]
[BlackElo "1546"]
[Annotator "PS"]
[PlyCount "57"]
[EventDate "2018.??.??"]
[WhiteTeam "Kieler SG von 18"]
[BlackTeam "SF Brackel 1930 e.V."]

1. c4 e6 2. g3 d5 3. cxd5 exd5 4. Bg2 Nf6 5. Nf3 Be7 6. O-O O-O 7. b3 Bf5 8.
Bb2 Qd7 9. Re1 Ne4 10. d3 Bf6 11. Ne5 Bxe5 12. Bxe5 Ng5 13. Qc2 Nc6 14. Bb2
Nh3+ 15. Kf1 Ng5 16. f4 Ne6 17. e4 dxe4 18. dxe4 Ned4 19. Qc3 Bh3 20. Nd2 f6
21. Rad1 Bxg2+ 22. Kxg2 Qe6 23. Nf3 Nxf3 24. Qxf3 Rad8 25. Qe2 Rfe8 26. Kf3 Qh3
27. Qc4+ Kh8 28. Rxd8 Rxd8 29. Re2 1/2-1/2

[Event "Kieler Open 2018-A"]
[Site "Kiel"]
[Date "2018.08.02"]
[Round "8.39"]
[White "Christensen, Andreas"]
[Black "Günther, Emil"]
[Result "1/2-1/2"]
[WhiteElo "1790"]
[BlackElo "1601"]
[Annotator "PS"]
[PlyCount "83"]
[EventDate "2018.??.??"]
[WhiteTeam "Hamburger SK von 1830 eV"]
[BlackTeam "SK Doppelbauer Kiel"]

1. e4 e5 2. Nf3 Nf6 3. Nxe5 d6 4. Nf3 Nxe4 5. d4 d5 6. Bd3 Be7 7. Nc3 Bf5 8.
O-O O-O 9. Re1 Nxc3 10. bxc3 Bg4 11. h3 Bh5 12. Rb1 Nd7 13. c4 dxc4 14. Bxc4
Nb6 15. Bd3 Bf6 16. c3 Re8 17. Rxe8+ Qxe8 18. Bf4 Qc6 19. Bg3 h6 20. Rb3 a6 21.
Be2 Re8 22. Qc2 Bg6 23. Bd3 Bxd3 24. Qxd3 Nc4 25. d5 Qc5 26. Rxb7 Nd6 27. Bxd6
cxd6 28. Rb1 Ra8 29. Nd2 Qxc3 30. Qxc3 Bxc3 31. Nc4 Be5 32. g3 Re8 33. Rb6 Bd4
34. Rxa6 Re2 35. Ne3 Bxe3 36. fxe3 Rxe3 37. Kf2 Rd3 38. Rxd6 Kf8 39. a4 Ke7 40.
Rb6 Rxd5 41. Rb5 Rd3 42. a5 1/2-1/2

[Event "Kieler Open 2018-A"]
[Site "Kiel"]
[Date "2018.08.02"]
[Round "8.41"]
[White "Bücker, Timo"]
[Black "Schmidt, Gero"]
[Result "1/2-1/2"]
[WhiteElo "1801"]
[BlackElo "1741"]
[Annotator "PS"]
[PlyCount "36"]
[EventDate "2018.??.??"]
[WhiteTeam "SC Schleispringer Kappeln"]
[BlackTeam "Turnverein Mehrhoog 64 e.V."]

1. Nc3 e5 2. Nf3 d6 3. d4 exd4 4. Nxd4 Nf6 5. g3 g6 6. Bg2 Bg7 7. O-O O-O 8.
Bg5 h6 9. Bxf6 Qxf6 10. e3 c6 11. Ne4 Qd8 12. c4 Qc7 13. Qc2 Nd7 14. Rab1 Nb6
15. c5 dxc5 16. Qxc5 Rd8 17. Nc3 Bxd4 18. exd4 Qd6 1/2-1/2

[Event "Kieler Open 2018-A"]
[Site "Kiel"]
[Date "2018.08.02"]
[Round "8.42"]
[White "Marcussen, Claus"]
[Black "Gehlsen, RenÃ©"]
[Result "1-0"]
[WhiteElo "1736"]
[BlackElo "1799"]
[Annotator "PS"]
[PlyCount "45"]
[EventDate "2018.??.??"]
[WhiteTeam "Fredericia Skatforening"]
[BlackTeam "SV VHS Heide"]

1. f4 d5 2. Nf3 Nf6 3. e3 Bg4 4. h3 Bxf3 5. Qxf3 c6 6. d4 g6 7. c4 Ne4 8. Nc3
Nxc3 9. bxc3 e6 10. Bd2 Bg7 11. cxd5 exd5 12. c4 dxc4 13. Bb4 Qd5 14. Be2 Bf8
15. Bxf8 Kxf8 16. Qxd5 cxd5 17. Bf3 Nc6 18. Bxd5 Na5 19. Kd2 Ke7 20. Rhc1 Rhc8
21. Rc3 Rab8 22. Rb1 b5 23. Ra3 1-0

[Event "Kieler Open 2018-A"]
[Site "Kiel"]
[Date "2018.08.02"]
[Round "8.43"]
[White "Wenske, Hardy"]
[Black "Easwaralingam, Janith"]
[Result "0-1"]
[WhiteElo "1725"]
[BlackElo "1792"]
[Annotator "PS"]
[PlyCount "118"]
[EventDate "2018.??.??"]
[WhiteTeam "Kieler SG von 18"]
[BlackTeam "Fredericia Skatforening"]

1. Nf3 Nf6 2. d4 g6 3. Nbd2 Bg7 4. e3 d6 5. Bd3 O-O 6. O-O Nc6 7. c3 e5 8. d5
Ne7 9. e4 Nh5 10. Nb3 Bg4 11. Nbd2 Nf4 12. Nc4 Nxd3 13. Qxd3 f5 14. Ng5 fxe4
15. Qxe4 Bf5 16. Qe2 Nxd5 17. Ne4 Nf4 18. Bxf4 exf4 19. Ned2 d5 20. Na5 c5 21.
Nab3 Qd6 22. Qd1 b6 23. Re1 a5 24. Nf3 Bg4 25. h3 Bh5 26. Nbd2 Rfe8 27. Qb3
Rad8 28. Rxe8+ Rxe8 29. Re1 Rxe1+ 30. Nxe1 Be2 31. Ndf3 h6 32. Qc2 Qe6 33. Nh4
g5 34. Qf5 Qxf5 35. Nxf5 d4 36. f3 d3 37. Kf2 Bf8 38. h4 Bd1 39. Nxd3 Bc2 40.
Ke2 c4 41. Ne5 Bxf5 42. Nxc4 Bc5 43. b4 axb4 44. cxb4 Bxb4 45. Nxb6 gxh4 46.
Nd5 Bd6 47. a4 Bc2 48. a5 Bb3 49. Nf6+ Kf7 50. Nd7 Ke7 51. Nb6 Bc7 52. Kd3 Ke6
53. Kc3 Bxb6 54. axb6 Bd5 55. Kb4 Bb7 56. Kc5 Ke5 57. Kc4 Kd6 58. Kd4 h5 59.
Kc4 Bxf3 0-1

[Event "Kieler Open 2018-A"]
[Site "Kiel"]
[Date "2018.08.02"]
[Round "8.44"]
[White "Nottenkämper, Franz-Ludwig"]
[Black "Lin, Ze Jun"]
[Result "1-0"]
[WhiteElo "1823"]
[BlackElo "1528"]
[Annotator "PS"]
[PlyCount "83"]
[EventDate "2018.??.??"]
[WhiteTeam "Turnverein Mehrhoog 64 e.V."]
[BlackTeam "Hong Kong"]
[BlackTeamCountry "HKG"]

1. Nf3 Nf6 2. d4 g6 3. Bf4 Bg7 4. c4 d5 5. Nc3 Bf5 6. e3 c5 7. Bd3 O-O 8. O-O
Nc6 9. Bxf5 gxf5 10. cxd5 Nxd5 11. Nxd5 Qxd5 12. dxc5 Qxc5 13. Qe2 Qb6 14. Rac1
Rfd8 15. b3 a5 16. Ng5 h6 17. Nxf7 Kxf7 18. Qh5+ Kg8 19. Bxh6 Nb4 20. Bxg7 Kxg7
21. Qg5+ Kf8 22. Qxf5+ Qf6 23. Qg4 Rd5 24. Rc4 Rf5 25. e4 Rg5 26. Qd7 Kf7 27.
f4 Rh5 28. e5 Qh4 29. e6+ Kg7 30. Qd4+ Kh6 31. h3 Rg8 32. Qe3 Nd5 33. Qd2 Qxh3
34. f5+ Kh7 35. Qxd5 Qh2+ 36. Kf2 Qg3+ 37. Ke2 Rh2 38. Rf2 Rh1 39. Qe4 Rd8 40.
f6+ Kh8 41. fxe7 Rd2+ 42. Kxd2 1-0

[Event "Kieler Open 2018-A"]
[Site "Kiel"]
[Date "2018.08.02"]
[Round "8.45"]
[White "Hoppe, Marc"]
[Black "Rohmann, Volker"]
[Result "1/2-1/2"]
[WhiteElo "1723"]
[BlackElo "1789"]
[Annotator "PS"]
[PlyCount "81"]
[EventDate "2018.??.??"]
[WhiteTeam "SF Olfen 1975"]
[BlackTeam "SVG Friedrichsort"]

1. c4 c5 2. g3 Nc6 3. Bg2 g6 4. Nc3 Bg7 5. Nf3 e5 6. d3 Nge7 7. O-O O-O 8. e4
d6 9. Be3 Rb8 10. Qd2 a6 11. a3 a5 12. Bh6 b6 13. Bxg7 Kxg7 14. Nd5 Bg4 15. Ng5
Nxd5 16. exd5 Nd4 17. Rae1 f6 18. f3 fxg5 19. fxg4 Qe7 20. Be4 h6 21. Kg2 Rxf1
22. Rxf1 Rf8 23. Rf2 Rxf2+ 24. Qxf2 Qf7 25. Bf3 Qf6 26. Bd1 Qxf2+ 27. Kxf2 b5
28. h4 gxh4 29. gxh4 Kf6 30. Ke3 bxc4 31. dxc4 h5 32. gxh5 gxh5 33. Bxh5 Nf5+
34. Kd3 Nxh4 35. Kc3 Nf5 36. b4 axb4+ 37. axb4 cxb4+ 38. Kxb4 Ne3 39. Be2 Nc2+
40. Kc3 Nd4 41. Bd3 1/2-1/2

[Event "Kieler Open 2018-A"]
[Site "Kiel"]
[Date "2018.08.02"]
[Round "8.46"]
[White "Salwasser, Christian"]
[Black "Witt, Holger"]
[Result "0-1"]
[WhiteElo "1718"]
[BlackElo "1579"]
[Annotator "PS"]
[PlyCount "86"]
[EventDate "2018.??.??"]
[WhiteTeam "SC Rastatt"]
[BlackTeam "SC Viernheim 1934 e.V."]

1. e4 c5 2. Nf3 e6 3. d4 cxd4 4. Nxd4 a6 5. Be3 Qc7 6. f3 Nf6 7. Nc3 b5 8. Qd2
Bb7 9. O-O-O Bb4 10. Nde2 d5 11. Qd3 Nbd7 12. exd5 Nxd5 13. Nxd5 Bxd5 14. a3
Ne5 15. Qd4 Rc8 16. c3 Be7 17. Nf4 Bb3 18. Rd2 O-O 19. Nh5 Rfd8 20. Qe4 Rxd2
21. Bxd2 Rd8 22. Be2 Nc4 23. Bxc4 Bxc4 24. Be3 Bb3 25. Bd4 f5 26. Qe5 Qxe5 27.
Bxe5 Bc5 28. Bf4 h6 29. Bd2 Kf7 30. Nf4 g5 31. Ne2 f4 32. g3 e5 33. gxf4 exf4
34. h4 Bc4 35. Ng1 Be3 36. Bxe3 fxe3 37. hxg5 hxg5 38. Rh2 Bb3 39. Rc2 Bxc2 40.
Kxc2 Rd2+ 41. Kc1 Kf6 42. b3 Kf5 43. Nh3 Rh2 0-1

[Event "Kieler Open 2018-A"]
[Site "Kiel"]
[Date "2018.08.03"]
[Round "9.2"]
[White "Lanka, Zigurds"]
[Black "Rocha, Sergio"]
[Result "1-0"]
[WhiteElo "2414"]
[BlackElo "2373"]
[Annotator "PH"]
[PlyCount "73"]
[EventDate "2018.??.??"]

1. e4 c5 2. Nf3 Nc6 3. d4 cxd4 4. Nxd4 e6 5. Nc3 a6 6. Be2 Nge7 7. f4 Nxd4 8.
Qxd4 Nc6 9. Qf2 b5 10. O-O Be7 11. Be3 Bb7 12. Bb6 Qb8 13. Rad1 d6 14. a3 O-O {
=} 15. Rd3 Bf6 16. Rfd1 Ne7 17. Bf3 Nc8 18. Be3 Be7 19. Qg3 Bc6 20. Bd4 f6 21.
f5 exf5 22. exf5 Qb7 23. Kh1 Bxf3 24. Rxf3 Rf7 25. Qh4 Na7 26. Rh3 h6 27. Qg4
Kh8 28. Qg6 Bf8 29. Rdd3 Re7 30. Kg1 Qc6 31. Rdg3 Qc4 32. Rxh6+ Kg8 33. Be3
Rxe3 34. Qh7+ Kf7 35. Rxe3 Qd4 36. Nd5 Qg4 37. Rxf6# 1-0

[Event "Kieler Open 2018-A"]
[Site "Kiel"]
[Date "2018.08.03"]
[Round "9.3"]
[White "Zeng, Chongsheng"]
[Black "Pluska, Alexander"]
[Result "1-0"]
[WhiteElo "2532"]
[BlackElo "2199"]
[Annotator "PH"]
[PlyCount "81"]
[EventDate "2018.??.??"]

1. e4 d6 2. d4 Nf6 3. Nc3 g6 4. f4 Bg7 5. Bd3 Nc6 6. Nf3 Bg4 7. Be3 O-O 8. h3
Bxf3 9. Qxf3 e5 10. dxe5 dxe5 11. f5 Nd4 12. Qf2 c5 13. g4 c4 14. Bxc4 Qa5 15.
Bd3 Rac8 16. Bd2 b5 17. g5 b4 18. gxf6 Bxf6 19. Nd5 Bh4 20. Qxh4 Nf3+ 21. Ke2
Nxh4 22. Bxb4 Qd8 23. Be7 Qa5 24. Bxh4 Rb8 25. Ne7+ Kg7 26. f6+ Kh8 27. Nc6 Qc7
28. Nxb8 Rxb8 29. b3 h6 30. Rad1 Rb6 31. Bc4 Rc6 32. Kf3 g5 33. Bg3 Rxf6+ 34.
Kg2 Rf4 35. Rhe1 Qa5 36. Re2 g4 37. Bxf4 gxh3+ 38. Kh2 exf4 39. Rd3 Qe5 40. Rf3
f6 41. Bd3 1-0

[Event "Kieler Open 2018-A"]
[Site "Kiel"]
[Date "2018.08.03"]
[Round "9.4"]
[White "Wan, Yunguo"]
[Black "Arndt, Magnus"]
[Result "1-0"]
[WhiteElo "2514"]
[BlackElo "2120"]
[Annotator "PH"]
[PlyCount "71"]
[EventDate "2018.??.??"]

1. e4 e5 2. Nf3 Nc6 3. Bc4 Nf6 4. d3 Be7 5. Nbd2 O-O 6. O-O d6 7. c3 Na5 8. Bb5
a6 9. Ba4 b5 10. Bc2 c5 11. Re1 Nc6 12. Nf1 h6 13. a4 b4 14. h3 Rb8 15. d4 bxc3
16. bxc3 cxd4 17. cxd4 Qc7 18. Ne3 Rd8 19. Ba3 Bf8 20. Qd2 g6 21. d5 Nd4 22.
Nxd4 exd4 23. Qxd4 Bg7 24. Qc4 Qe7 25. Rab1 Rxb1 26. Rxb1 Nh5 27. Rb8 Bxh3 28.
Rxd8+ Qxd8 29. gxh3 Nf4 30. Kf1 Qf6 31. e5 Qxe5 32. Bb2 Qxb2 33. Qxf4 Bd4 34.
Nc4 Qa1+ 35. Kg2 Bc5 36. Nxd6 1-0

[Event "Kieler Open 2018-A"]
[Site "Kiel"]
[Date "2018.08.03"]
[Round "9.5"]
[White "Vatter, Hans-Joachim"]
[Black "Kaulich, Philipp Theodor"]
[Result "1/2-1/2"]
[WhiteElo "2216"]
[BlackElo "2157"]
[Annotator "PH"]
[PlyCount "37"]
[EventDate "2018.??.??"]

1. d4 d6 2. Nf3 g6 3. c4 f5 4. g3 Nf6 5. b4 Bg7 6. Bb2 e5 7. dxe5 Ng4 8. Bg2
Nxe5 9. O-O Nxf3+ 10. exf3 Bxb2 11. Qe2+ Be5 12. f4 Qe7 13. fxe5 Qxe5 14. Qd2
O-O 15. Nc3 c6 16. Rfe1 Qf6 17. b5 Rd8 18. a4 Be6 19. Qe2 1/2-1/2

[Event "Kieler Open 2018-A"]
[Site "Kiel"]
[Date "2018.08.03"]
[Round "9.6"]
[White "Knudsen, Simon"]
[Black "Poghosyan, Tigran"]
[Result "0-1"]
[WhiteElo "2197"]
[BlackElo "2146"]
[Annotator "PH"]
[PlyCount "92"]
[EventDate "2018.??.??"]

1. e4 c5 2. Nf3 a6 3. c3 e6 4. d4 d5 5. e5 Bd7 6. Bg5 Qb6 7. Qb3 Qxb3 8. axb3
cxd4 9. Nxd4 f6 10. exf6 gxf6 11. Be3 Nc6 12. b4 Nxd4 13. Bxd4 Rc8 14. Be2 h5
15. Bd3 Kf7 16. O-O e5 17. Bb6 Bd6 18. Nd2 Ne7 19. Nb3 Rcg8 20. Rfe1 Bh3 21. g3
h4 22. Bf1 Bc8 23. Bc5 Bc7 24. Bg2 e4 25. Rad1 f5 26. b5 hxg3 27. hxg3 Rh5 28.
b6 Bb8 29. c4 dxc4 30. Na5 f4 31. Bxe7 fxg3 32. fxg3 Bxg3 33. Rxe4 Bh2+ 34. Kh1
Bg3+ 35. Kg1 Bh2+ 36. Kh1 Be5+ 37. Bh4 Rg4 38. Rf1+ Kg7 39. Rxg4+ Bxg4 40. Re1
Rxh4+ 41. Kg1 Bd4+ 42. Kf1 Bf5 43. Bf3 Rh2 44. Re7+ Kf6 45. Rxb7 Bd3+ 46. Ke1
Rxb2 0-1

[Event "Kieler Open 2018-A"]
[Site "Kiel"]
[Date "2018.08.03"]
[Round "9.7"]
[White "Light, Bjarne"]
[Black "Du, Yuxin"]
[Result "1/2-1/2"]
[WhiteElo "2177"]
[BlackElo "2129"]
[Annotator "PH"]
[PlyCount "51"]
[EventDate "2018.??.??"]

1. d4 Nf6 2. Nf3 e6 3. Bf4 c5 4. e3 b6 5. Nbd2 Bb7 6. Bd3 Be7 7. h3 O-O 8. c3
d6 9. Qe2 Nbd7 10. O-O d5 11. Rad1 Ne4 12. Ne5 Nxd2 13. Rxd2 Nxe5 14. dxe5 f5
15. exf6 Bxf6 16. Bg3 Qe7 17. e4 Rad8 18. Re1 Qf7 19. a4 a5 20. Ba6 dxe4 21.
Rxd8 Rxd8 22. Bxb7 Qxb7 23. Qc4 Qd5 24. Qb5 Qb7 25. Qc4 Qd5 26. Qb5 1/2-1/2

[Event "Kieler Open 2018-A"]
[Site "Kiel"]
[Date "2018.08.03"]
[Round "9.8"]
[White "Kleinschroth, Roland"]
[Black "Krause, Jonah"]
[Result "1/2-1/2"]
[WhiteElo "2058"]
[BlackElo "2336"]
[Annotator "PH"]
[PlyCount "70"]
[EventDate "2018.??.??"]

1. e4 c5 2. d4 cxd4 3. c3 Nf6 4. e5 Nd5 5. Nf3 d6 6. cxd4 e6 7. Bc4 Be7 8. O-O
O-O 9. Bxd5 exd5 10. Bf4 Nc6 11. Nc3 Be6 12. Qd2 Rc8 13. Rac1 Qd7 14. Rfe1 Rfe8
15. h3 dxe5 16. Nxe5 Nxe5 17. Bxe5 Rc4 18. b3 Rc6 19. Na4 f6 20. Rxc6 Qxc6 21.
Rc1 Qb5 22. Bg3 Bf7 23. Nc5 Rc8 24. Nd3 Rxc1+ 25. Qxc1 g5 26. Qc8+ Kg7 27. Nc5
Bxc5 28. Qxc5 Qa6 29. a4 Qd3 30. Qxa7 Qxb3 31. a5 Qb5 32. Qb6 Qxb6 33. axb6 Kg6
34. Bd6 Kf5 35. f3 Ke6 1/2-1/2

[Event "Kieler Open 2018-A"]
[Site "Kiel"]
[Date "2018.08.03"]
[Round "9.9"]
[White "Petri, Alexander"]
[Black "Wunder, Niklas"]
[Result "1/2-1/2"]
[WhiteElo "2138"]
[BlackElo "2099"]
[Annotator "PH"]
[PlyCount "41"]
[EventDate "2018.??.??"]

1. d4 Nf6 2. Nf3 g6 3. Bg5 d5 4. e3 Bg7 5. Nbd2 c5 6. c3 Qb6 7. Qb3 c4 8. Qa3
O-O 9. b3 cxb3 10. axb3 Nc6 11. Be2 h6 12. Bh4 g5 13. Bg3 Nh5 14. Be5 f6 15.
Bg3 e5 16. dxe5 Nxg3 17. hxg3 fxe5 18. Qd6 Qd8 19. Qc5 Be6 20. e4 Qe7 21. Qxe7
1/2-1/2

[Event "Kieler Open 2018-A"]
[Site "Kiel"]
[Date "2018.08.03"]
[Round "9.10"]
[White "Begri, Felix"]
[Black "Haag, Martin"]
[Result "1/2-1/2"]
[WhiteElo "1984"]
[BlackElo "2229"]
[Annotator "PH"]
[PlyCount "77"]
[EventDate "2018.??.??"]

1. d4 d6 2. e4 Nf6 3. f3 e5 4. d5 Be7 5. Be3 O-O 6. Qd2 c6 7. c4 a5 8. Nc3 Nbd7
9. Nh3 Nc5 10. Nf2 Nfd7 11. Be2 a4 12. O-O Qa5 13. Rad1 Nb6 14. f4 exf4 15.
Bxf4 Rd8 16. e5 cxd5 17. exd6 Bxd6 18. Bxd6 Rxd6 19. Qf4 Rf6 20. Qc7 Be6 21.
cxd5 Bf5 22. Ng4 Bxg4 23. Rxf6 gxf6 24. Bxg4 Nc4 25. Qg3 Kf8 26. Qh4 Ne5 27.
Qh6+ Kg8 28. Qxf6 Ng6 29. Rf1 Rf8 30. a3 Nd3 31. Qd4 Qc5 32. Qxc5 Nxc5 33. Bd1
Rd8 34. Bc2 Ne5 35. Rd1 Nc4 36. Rd4 Nxb2 37. Rb4 Nbd3 38. Rg4+ Kf8 39. Nxa4
1/2-1/2

[Event "Kieler Open 2018-A"]
[Site "Kiel"]
[Date "2018.08.03"]
[Round "9.11"]
[White "Holtel, Jasper"]
[Black "Neuendorf, Max"]
[Result "1/2-1/2"]
[WhiteElo "2234"]
[BlackElo "1981"]
[Annotator "PH"]
[PlyCount "27"]
[EventDate "2018.??.??"]

1. e4 c5 2. Nf3 Nc6 3. Bb5 Nf6 4. Bxc6 dxc6 5. d3 Bg4 6. Nbd2 Nd7 7. h3 Bh5 8.
b3 e5 9. Bb2 f6 10. Nf1 Qc7 11. Ne3 Bd6 12. Nf5 Nf8 13. O-O Ne6 14. a4 1/2-1/2

[Event "Kieler Open 2018-A"]
[Site "Kiel"]
[Date "2018.08.03"]
[Round "9.12"]
[White "Bernhardt, Gerd"]
[Black "Schulze, Lara"]
[Result "0-1"]
[WhiteElo "2033"]
[BlackElo "2187"]
[Annotator "PH"]
[PlyCount "62"]
[EventDate "2018.??.??"]

1. d4 Nf6 2. Nf3 d5 3. e3 Bf5 4. Be2 e6 5. Nh4 Bg6 6. Nxg6 hxg6 7. Nd2 Bd6 8.
h3 Nbd7 9. c4 c6 10. c5 Be7 11. b4 e5 12. dxe5 Nxe5 13. f4 Ned7 14. Rb1 b6 15.
b5 Nxc5 16. bxc6 O-O 17. O-O Qc7 18. Qe1 Nfe4 19. Nf3 Bf6 20. Nd4 Rfe8 21. Rf3
Ne6 22. Bb2 Bxd4 23. Bxd4 Nxd4 24. exd4 Re6 25. f5 gxf5 26. Qb4 Ng5 27. Rxf5
Nxh3+ 28. Kf1 Qh2 29. gxh3 Qxe2+ 30. Kg1 Rg6+ 31. Kh1 Qg2# 0-1

[Event "Kieler Open 2018-A"]
[Site "Kiel"]
[Date "2018.08.03"]
[Round "9.13"]
[White "Lorenzen, Jan-Hendrik"]
[Black "Pietzsch, Manuel"]
[Result "0-1"]
[WhiteElo "2024"]
[BlackElo "2185"]
[Annotator "PH"]
[PlyCount "40"]
[EventDate "2018.??.??"]

1. e4 c5 2. g3 d5 3. Bg2 dxe4 4. Bxe4 h5 5. h4 Nf6 6. Bg2 Bg4 7. f3 Bf5 8. Ne2
Nc6 9. d3 e6 10. Nbc3 Be7 11. Bg5 {=} 11... Qb6 12. Qd2 Rd8 13. b3 O-O 14. Na4
Qa6 15. O-O c4 16. d4 b5 17. Nac3 b4 18. Ne4 c3 19. Qe3 Bxe4 20. fxe4 Ng4 0-1

[Event "Kieler Open 2018-A"]
[Site "Kiel"]
[Date "2018.08.03"]
[Round "9.14"]
[White "Callsen, Niklas"]
[Black "Easwaralingam, Adesh"]
[Result "0-1"]
[WhiteElo "1705"]
[BlackElo "2168"]
[Annotator "PH"]
[PlyCount "54"]
[EventDate "2018.??.??"]

1. d4 Nf6 2. c4 e6 3. Nc3 Bb4 4. f3 c5 5. d5 b5 6. e4 O-O 7. Bd3 exd5 8. cxd5
c4 9. Bc2 Qb6 10. Nge2 Re8 11. Bg5 a5 12. Bxf6 Qxf6 13. O-O Ba6 14. Kh1 Bc5 15.
f4 d6 16. Ng3 Nd7 17. Qg4 Qd8 18. Nh5 Bd4 19. e5 g6 20. Ne4 Kh8 21. Nxd6 Rf8
22. f5 Nxe5 23. Nxf7+ Rxf7 24. Qxd4 gxh5 25. Rae1 Qf6 26. Qxe5 Rd8 27. Qg3 Rxd5
0-1

[Event "Kieler Open 2018-A"]
[Site "Kiel"]
[Date "2018.08.03"]
[Round "9.15"]
[White "Berger, Joachim"]
[Black "Möller, Dustin"]
[Result "0-1"]
[WhiteElo "1966"]
[BlackElo "2140"]
[Annotator "PH"]
[PlyCount "50"]
[EventDate "2018.??.??"]

1. e4 e6 2. d4 d5 3. Nc3 Nf6 4. e5 Nfd7 5. Qg4 c5 6. dxc5 Nxe5 7. Qg3 Nec6 8.
Nb5 Na6 9. Bd2 Qf6 10. O-O-O Bxc5 11. Nf3 O-O 12. Bg5 Qg6 13. Bd3 f5 14. h4 h5
15. Nd6 Nab4 16. a3 Nxd3+ 17. Rxd3 e5 18. Nxc8 f4 19. Bxf4 Qf5 20. Bxe5 Nxe5
21. Nxe5 Raxc8 22. Rd2 Bxf2 23. Rxf2 Qxf2 24. Qd3 Qf4+ 25. Kb1 Qxe5 0-1

[Event "Kieler Open 2018-A"]
[Site "Kiel"]
[Date "2018.08.03"]
[Round "9.16"]
[White "Haffner, Alexander"]
[Black "Rieper, Julian"]
[Result "1-0"]
[WhiteElo "2107"]
[BlackElo "2048"]
[Annotator "PH"]
[PlyCount "111"]
[EventDate "2018.??.??"]

1. d4 Nf6 2. Nf3 g6 3. g3 Bg7 4. Bg2 d6 5. O-O O-O 6. b3 Nbd7 7. Bb2 c6 8. Nbd2
Qc7 9. e4 a5 10. a4 b6 11. Re1 e5 12. dxe5 Nxe5 13. Nxe5 dxe5 14. Nc4 Nd7 15.
Ba3 c5 16. Qd6 Qxd6 17. Nxd6 Ba6 18. Rad1 Rfd8 19. Bf1 Bxf1 20. Kxf1 Rab8 21.
Bc1 Bf8 22. Nc4 f6 23. Rd5 Kf7 24. Red1 Ke6 25. f4 exf4 26. gxf4 Rb7 27. f5+
Ke7 28. Bf4 Ke8 29. e5 Rc8 30. Rxd7 Rxd7 31. Rxd7 Kxd7 32. Nxb6+ Kd8 33. Nxc8
fxe5 34. Bxe5 Kxc8 35. fxg6 hxg6 36. h3 Be7 37. Ke2 Kd7 38. Kd3 Bd8 39. Kc4 Kc6
40. Bf4 Bf6 41. Kd3 Bd8 42. Ke4 c4 43. bxc4 Kc5 44. Kd3 Kb4 45. Bd6+ Kxa4 46.
Ke4 Bh4 47. Kd5 Bf2 48. Kc6 g5 49. Kb7 g4 50. hxg4 Bc5 51. Bf4 Ka3 52. Kc6 Bb4
53. Be5 Be7 54. Kb5 a4 55. c5 Ka2 56. c6 1-0

[Event "Kieler Open 2018-A"]
[Site "Kiel"]
[Date "2018.08.03"]
[Round "9.20"]
[White "Papesch, Dennis"]
[Black "Horn, Peter"]
[Result "1/2-1/2"]
[WhiteElo "1850"]
[BlackElo "2112"]
[Annotator "PH"]
[PlyCount "89"]
[EventDate "2018.??.??"]

1. c4 e6 2. g3 d5 3. Bg2 Nf6 4. Nf3 c5 5. O-O Nc6 6. b3 Be7 7. d3 O-O 8. Nbd2
d4 9. Ne1 e5 10. Ne4 Ne8 11. Ba3 Qa5 12. Nc2 f5 13. Nd2 Nf6 14. Bb2 Qc7 15. f4
exf4 16. Rxf4 Bd6 17. Rf1 a5 18. e3 Ng4 19. exd4 cxd4 20. Nf3 Bc5 21. Bc1 Bd7
22. Bf4 Qb6 23. h3 Nf6 24. Kh2 h6 25. Qd2 Rae8 26. Rae1 Kh7 27. Ne5 Bc8 28. Nf3
Nh5 29. Rxe8 Rxe8 30. Re1 Rxe1 31. Qxe1 Nxf4 32. gxf4 Bd6 33. Ne5 Nxe5 34. fxe5
Bc7 35. Kh1 Qc5 36. Bd5 b5 37. Qg3 bxc4 38. bxc4 Qe7 39. Nxd4 Bxe5 40. Nc6 Bxg3
41. Nxe7 Bd7 42. c5 Bh4 43. Nc6 Bxc6 44. Bxc6 Bf2 45. Bd7 1/2-1/2

[Event "Kieler Open 2018-A"]
[Site "Kiel"]
[Date "2018.08.03"]
[Round "9.21"]
[White "Andresen, Erik"]
[Black "Quante, Lennart"]
[Result "0-1"]
[WhiteElo "1844"]
[BlackElo "2083"]
[Annotator "PH"]
[PlyCount "104"]
[EventDate "2018.??.??"]

1. e4 e5 2. f4 exf4 3. Bc4 Qh4+ 4. Kf1 Nc6 5. d4 d6 6. Nc3 Bg4 7. Qd3 O-O-O 8.
Bxf4 Qf6 9. Qg3 Be6 10. Bxe6+ fxe6 11. Nf3 h6 12. Rd1 Nge7 13. h4 g6 14. Ne2
Bg7 15. c3 {=} 15... e5 16. Be3 d5 17. dxe5 Nxe5 18. Qxe5 Qxe5 19. Nxe5 Bxe5
20. Rh3 dxe4 21. Rxd8+ Kxd8 22. Ng3 Bxg3 23. Rxg3 Nf5 24. Rh3 h5 25. Ke2 Rh7
26. c4 a6 27. b4 Kd7 28. Bg5 Kc6 29. Rc3 b5 30. a3 Rd7 31. g3 Rd3 32. Rxd3
exd3+ 33. Kxd3 Nxg3 34. cxb5+ Kxb5 35. Bf4 Nf5 36. Bxc7 Nxh4 37. Be5 Ka4 38.
Bb2 Kb3 39. Bc1 Nf5 40. Ke4 h4 41. Kf3 h3 42. Kf2 Nd4 43. Be3 Nc2 44. Bc5 Nxa3
45. Kg3 Nc2 46. Kxh3 Nxb4 47. Kg4 a5 48. Bd4 a4 49. Kg5 a3 50. Kxg6 Nd3 51. Ba1
Ka2 52. Bd4 Kb1 0-1

[Event "Kieler Open 2018-A"]
[Site "Kiel"]
[Date "2018.08.03"]
[Round "9.22"]
[White "Kosanke, Stefan"]
[Black "Farokhi, Keyvan"]
[Result "1-0"]
[WhiteElo "1986"]
[BlackElo "1848"]
[Annotator "PH"]
[PlyCount "53"]
[EventDate "2018.??.??"]

1. d4 d5 2. c4 e6 3. Nc3 Nf6 4. cxd5 exd5 5. Bg5 Be7 6. e3 c6 7. Bd3 h6 8. Bf4
Nbd7 9. Nge2 O-O 10. Qc2 b6 11. f3 Bb7 12. O-O-O c5 13. Kb1 c4 14. Bf5 a6 15.
g4 Ne8 16. h4 Nd6 17. Rdg1 Qe8 18. h5 Nb5 19. g5 Bxg5 20. Bxg5 hxg5 21. Rxg5
Kh8 22. Rhg1 Rg8 23. Bxd7 Qxd7 24. Nf4 Nxc3+ 25. bxc3 Qc6 26. Rg6 Qe8 27. h6
1-0

[Event "Kieler Open 2018-A"]
[Site "Kiel"]
[Date "2018.08.03"]
[Round "9.23"]
[White "Teichert, Felix"]
[Black "Karlisch, Moritz"]
[Result "1/2-1/2"]
[WhiteElo "1981"]
[BlackElo "1839"]
[Annotator "PH"]
[PlyCount "83"]
[EventDate "2018.??.??"]

1. c4 c5 2. g3 g6 3. Bg2 Bg7 4. e3 Nc6 5. Nc3 d6 6. Nge2 Bf5 7. O-O Qd7 8. d4
cxd4 9. Nxd4 Nxd4 10. exd4 Nf6 11. Qb3 Rb8 12. c5 O-O 13. Qa3 dxc5 14. dxc5 Bh3
15. Rd1 Qf5 16. Qxa7 Ng4 17. Bf4 Bxg2 18. Kxg2 e5 19. Be3 Nxe3+ 20. fxe3 Qc2+
21. Kg1 Rbd8 22. Qxb7 Bh6 23. Qf3 Qxb2 24. Nd5 f5 25. c6 e4 26. Qf2 Qa3 27. Nf4
Rxd1+ 28. Rxd1 Rc8 29. Qd2 Bxf4 30. exf4 Qc5+ 31. Kg2 {=} 31... Qxc6 32. Qe3
Qa4 33. Rd2 Rc2 34. Qe2 Rxd2 35. Qxd2 Qa3 36. Qe2 Kf7 37. Qc4+ Kg7 38. Qd4+ Kh6
39. Qf2 e3 40. Qe2 Qa8+ 41. Kg1 Qe4 42. a4 1/2-1/2

[Event "Kieler Open 2018-A"]
[Site "Kiel"]
[Date "2018.08.03"]
[Round "9.24"]
[White "Weber, Jannis"]
[Black "Berenstein, Alexander"]
[Result "1-0"]
[WhiteElo "1890"]
[BlackElo "1975"]
[Annotator "PH"]
[PlyCount "73"]
[EventDate "2018.??.??"]

1. e4 c5 2. Nf3 d6 3. d4 cxd4 4. Nxd4 Nc6 5. c4 a6 6. Be3 Bd7 7. Nc3 Nf6 8. Be2
h5 9. Nd5 Nxd5 10. cxd5 Ne5 11. Bxh5 Nc4 12. O-O g6 13. Be2 Nxe3 14. fxe3 Bg7
15. Bg4 Bf6 16. Bxd7+ Qxd7 17. Rc1 Rc8 18. Rxc8+ Qxc8 19. Rf2 Kf8 20. Rc2 Qd7
21. h3 Kg7 22. Qg4 Qd8 23. Qe2 Rh4 24. Qc4 Rxe4 25. Ne6+ fxe6 26. Qxe4 exd5 27.
Qxd5 Qb6 28. Qe6 Qb4 29. Kf2 a5 30. b3 b5 31. Qd5 a4 32. Rc8 axb3 33. axb3 Qh4+
34. Kf1 Qg3 35. Rg8+ Kh6 36. Qe4 Qe5 37. Qxg6# 1-0